Economía de mercado: interrogantes éticos para una acción solidaria
Αποθηκεύτηκε σε:
| Κύριος συγγραφέας: | |
|---|---|
| Μορφή: | Βιβλίο |
| Γλώσσα: | Ισπανικά |
| Έκδοση: |
Santiago
San Pablo
1997
|
| Σειρά: | Colección Moral de Discernimiento, 9
|
| Θέματα: | |
| Ετικέτες: |
Προσθήκη ετικέτας
Δεν υπάρχουν, Καταχωρήστε ετικέτα πρώτοι!
|
MARC
| LEADER | 00000nam a2200000 a 4500 | ||
|---|---|---|---|
| 001 | UCH3778 | ||
| 003 | CL-VaPUC | ||
| 008 | 090818e19970000CL |||||||||||||||||spa|d | ||
| 082 | 0 | 4 | |a 330.01 |b MIF |2 21 |
| 100 | |a Mifsud, Tony, |c S. J. |e autor |9 600778 | ||
| 245 | 1 | 0 | |a Economía de mercado: interrogantes éticos para una acción solidaria |
| 300 | |a 143 p | ||
| 942 | |c BK | ||
| 945 | |d 20090818 00:00:00 |a lazolas | ||
| 260 | |a Santiago |b San Pablo |c 1997 | ||
| 650 | 7 | |a ECONOMIA ASPECTOS MORALES Y ETICOS |2 CL-VaPUC |9 321996 | |
| 650 | 0 | |a Economía de mercado |9 328785 | |
| 583 | |a last modification |c 20090818 00:00:00 |k Rodrigo Vera | ||
| 490 | 0 | |a Colección Moral de Discernimiento, 9 | |
| 999 | |c 335211 |d 335209 | ||